IIM KOZHIKODE SOCIETY & MANAGEMENT REVIEW (Record no. 32086)
[ view plain ]
| 000 -LEADER | |
|---|---|
| fixed length control field | 00200nam a22000977a 4500 |
| 003 - CONTROL NUMBER IDENTIFIER | |
| control field | SGT |
| 245 ## - TITLE STATEMENT | |
| Title | IIM KOZHIKODE SOCIETY & MANAGEMENT REVIEW |
| 260 ## - PUBLICATION, DISTRIBUTION, ETC. (IMPRINT) | |
| Name of publisher, distributor, etc | SAGE |
| Year of Publication | 2023 |
| 300 ## - PAGE DESCRIPTION | |
| No. of Pages | 261 |
| 942 ## - ADDED ENTRY ELEMENTS (KOHA) | |
| Source of classification or shelving scheme | Dewey Decimal Classification |
| Koha item type | Back Volumes |
No items available.